LEADER 00821nam0-2200313---450- 001 990008816920403321 005 20090318163528.0 010 $a2-13-039174-5 035 $a000881692 035 $aFED01000881692 035 $a(Aleph)000881692FED01 035 $a000881692 100 $a20090303d1986----km-y0itay50------ba 101 0 $afre 102 $aFR 105 $ay-------001yy 200 1 $a<>violence$fYves Michaud 210 $aParis$cPress universitaires de France$d1986 215 $a127 p.$d18 cm 225 1 $aQue sais-je?$v2251 676 $a179.7$v21$zita 700 1$aMichaud,$bYves$0143864 801 0$aIT$bUNINA$gRICA$2UNIMARC 901 $aBK 912 $a990008816920403321 952 $aCollezioni 82 (2251)$b52071*$fFGBC 959 $aFGBC 996 $aViolence$950129 997 $aUNINA LEADER 02421nas 2200685- 450 001 996251326803316 005 20221025213018.0 011 $a2457-0222 035 $a(DE-599)ZDB2810774-3 035 $a(OCoLC)562713396 035 $a(CKB)110978976777015 035 $a(CONSER)--2020207502 035 $a(EXLCZ)99110978976777015 100 $a20100318a19559999 --- a 101 0 $aeng 135 $aurbn||||||abp 135 $aurbn||||||ada 181 $ctxt$2rdacontent 182 $cc$2rdamedia 183 $acr$2rdacarrier 200 04$aThe Indian journal of public administration 210 1$aNew Delhi :$c[The Indian Institute of Public Administration] 210 31$a[New Delhi] :$cSAGE Publications 215 $a1 online resource 300 $aRefereed/Peer-reviewed 311 $a0019-5561 517 1 $aIndian J. Public Adm. 517 1 $aIJPA 517 1 $aQuarterly journal of the Indian Institute of Public Administration. 531 $aINDIAN JOURNAL OF PUBLIC ADMINISTRATION 531 $aINDIAN J PUBLIC ADM 531 $aINDIAN JOURNAL OF PUBLIC ADMINISTRATION : QUARTERLY JOURNAL OF THE INDIAN INSTITUTE OF PUBLIC ADMINISTRATION 606 $aPublic administration$vPeriodicals 606 $aAdministrative agencies$vPeriodicals 606 $aAdministration publique$vPériodiques 606 $aAdministration publique (Science)$vPériodiques 606 $aAdministrative agencies$2fast$3(OCoLC)fst00796723 606 $aPolitics and government$2fast$3(OCoLC)fst01919741 606 $aPublic administration$2fast$3(OCoLC)fst01081976 606 $aPUBLIC ADMINISTRATION$2unbist 606 $aINDIA$2unbist 607 $aIndia$xPolitics and government$vPeriodicals 607 $aInde$xPolitique et gouvernement$vPériodiques 607 $aIndia$2fast 608 $aPeriodicals.$2fast 615 0$aPublic administration 615 0$aAdministrative agencies 615 6$aAdministration publique 615 6$aAdministration publique (Science) 615 7$aAdministrative agencies. 615 7$aPolitics and government 615 7$aPublic administration. 615 7$aPUBLIC ADMINISTRATION. 615 7$aINDIA. 676 $a354.54 712 02$aIndian Institute of Public Administration, 906 $aJOURNAL 912 $a996251326803316 996 $aThe Indian journal of public administration$92239042 997 $aUNISA